Isabel Allende.
Guardado en:
| Formato: | |
|---|---|
| Series: | Escritores latinoamericanos
|
| Materias: | |
| Etiquetas: |
Agregar Etiqueta
Sin Etiquetas, Sea el primero en etiquetar este registro!
|
| LEADER | 00859ngm a22002535g 4500 | ||
|---|---|---|---|
| 001 | CEM.cems022639 | ||
| 008 | 130507b2200##################0###0#####d | ||
| 005 | 20241113133000.0 | ||
| 245 | 0 | 0 | |a Isabel Allende. |
| 300 | |a 22`'. | ||
| 490 | 0 | |a Escritores latinoamericanos | |
| 500 | |a En soporte VHS, consultar en ventanilla. | ||
| 505 | 0 | |a Vida y obra de Isabel Allende. Su vinculación con el periodismo y la vida política chilena. El exilio. | |
| 538 | |a Soporte: VHS - Norma: Pal N - Color: Si - Grabación DRD 2001 - Hitachi=2470 | ||
| 082 | C | H | |6 0/NER |
| 653 | |a LITERATURA | ||
| 653 | |a LITERATURA CHILENA | ||
| 653 | |a ALLENDE, ISABEL | ||
| 653 | |a POLITICA CHILENA | ||
| 653 | |a EXILIO | ||
| 653 | |a PERIODISMO | ||
| 653 | |a NIVEL PRIMARIO | ||
| 653 | |a NIVEL SECUNDARIO | ||
| 859 | |a CEMS |b BIB. CEMS - Depto. Recursos Didacticos |h H860 |i NER |k DRD |p 1282.12 |t Ej.1 | ||
